The noise of culture : literary texts in a world of information /

Bibliographic Details
Main Author: Paulson, William R., 1955-
Format: Book
Language:English
Published: Ithaca : Cornell University Press, 1988.
Subjects:

MARC

Tag First Indicator Second Indicator Subfields
LEADER 00000cam a2200000 a 4500
001 in00000016619
005 20151007052822.0
008 870828s1988 nyu b 00110 eng
010 |a  87047822  
020 |a 0801421020 (alk. paper) 
035 |a (OCoLC)16684021 
035 |9 AAA9312AM 
040 |a DLC  |c DLC  |d TXA  |d UtOrBLW 
049 |a TXAM  |c [A11490443] 
050 0 0 |a PN98.I54  |b P38 1988 
082 0 |a 801  |2 19 
100 1 |a Paulson, William R.,  |d 1955- 
245 1 4 |a The noise of culture :  |b literary texts in a world of information /  |c William R. Paulson. 
264 1 |a Ithaca :  |b Cornell University Press,  |c 1988. 
300 |a xi, 193 pages ;  |c 24 cm. 
336 |a text  |b txt  |2 rdacontent 
337 |a unmediated  |b n  |2 rdamedia 
338 |a volume  |b nc  |2 rdacarrier 
504 |a Bibliography: pages [187]-190. 
500 |a Includes index. 
650 0 |a Information theory in literature. 
650 0 |a Criticism. 
650 0 |a Literature and science. 
650 0 |a Knowledge, Theory of, in literature. 
999 |a MARS 
999 f f |s 2b61a663-1186-3ca9-bed2-64b5200ce85c  |i 459fc4c5-2258-3edb-8291-486b22f49852  |t 0 
952 f f |p ric  |a Texas A&M University  |b Rellis Campus  |c Joint Library Facility  |d Remote Storage  |t 0  |e PN98.I54 P38 1988  |h Library of Congress classification  |i unmediated -- volume  |m A14811490443 
998 f f |a PN98.I54 P38 1988  |t 0  |l Remote Storage